000 01319nam a22002297a 4500
999 _c58286
_d58286
003 Ge_BSU
005 20211022121837.0
008 211022s2019 ge ||||| |||| 00| 0 geo d
020 _a9789941164040
041 _ageo
080 _a376.36 ფ-98
100 _aფუტკარაძე, მზია
_912718
245 _aლოგოპედია : მეტყველების თერაპია :
_b[სახელმძღვანელო] /
_cმზია ფუტკარაძე, ქეთევან ვაშაკიძე ; რედაქტორი ცისანა თოდუა-კარტოზია.
250 _a(მე-2 გადამუშავებული და შევსებული გამოცემა).
264 _aთბილისი :
_bსაქართველოს მაცნე,
_c2019.
300 _a272 გვ. :
_bსურ. ზ;
_c21 სმ.
504 _aგლოსარიუმი: გვ. 260-266. ბიბლიოგრაფია: გვ. 267-269.
653 _aლოგოპედია
700 _aვაშაკიძე, ქეთევან
_eავტორი
_912719
700 _eთოდუა-კარტოზია, ცისანა
_dრედაქტორი
_912720
942 _2udc
_cBK